| 000 | 00000nam##2200000za#4500 |
| 001 | 9.696927 |
| 003 | CaOODSP |
| 005 | 20250506145324 |
| 007 | cr ||||||||||| |
| 008 | 150407|1977||||xxc|||||o f|0| 0 eng|d |
| 040 | |aCaOODSP|beng |
| 043 | |an-cn--- |
| 086 | 1 |aA53-1569/1977E-PDF |
| 110 | 1 |aCanada.|bAgriculture Canada. |
| 245 | 10|aDiscers / |h[electronic resource]|c[by] O. H. Friesen. |
| 260 | |aOttawa - Ontario : |bAgriculture Canada |cc1977. |
| 300 | |a40p.|bfigs., tables, photographs |
| 500 | |aPublication 1569E. The catalogue number (A53-1569/1977E) and ISBN (0-662-00947-9) for the print edition have been copied in this electronic publication. Historical publication digitized by Agriculture and Agri-Food Canada. |
| 590 | |a12-42-Supp|b2012-11-21 |
| 690 | 07|aAgricultural technology|2gcpds |
| 720 | 1 |aFriesen, O. H. |
| 775 | 08|tLes charrues à disques pour l'ouest canadien / |w(CaOODSP)9.641006 |
| 856 | 40|ahttp://publications.gc.ca|qPDF|s2.31 MB|uhttps://publications.gc.ca/collections/collection_2012/agr/A53-1569-1977-eng.pdf |